000 00330nam a22001457a 4500
003 OSt
005 20220218101600.0
008 220218b |||||||| |||| 00| 0 eng d
020 _a0333792971
040 _cHU
082 _a658.87
100 _aVarley
_930815
245 _aPrinciples Of Retail Management
942 _2ddc
_cBOOKS
_n0
999 _c30770
_d30770